000
00285nam a2200109Ia 4500
008
221009s9999 xx 000 0 und d
082
_a
741.642
100
_a
मोहन
245
0
_a
अमर ज्योति
260
_b
बम्बई प्रकाशन
942
_c
BK
999
_c
64642
_d
64642